| 000 | 00444 a2200121 4500 | ||
|---|---|---|---|
| 001 | ART_8073 | ||
| 005 | 20260410161831.0 | ||
| 008 | 260409a | ||
| 245 | 1 | 0 | _aLa gestión de la lealtad del cliente en el sector minorista alimentario |
| 100 | 1 | _aArrondo Diez, Elvira | |
| 700 | 1 | _aUrcelay Yarza, Víctor | |
| 773 | 0 |
_tBoletín de estudios económicos _gNuevas tendecnias en marketing - Año 55, Nº 171 (dic. 2000) _wREV5142 |
|
| 999 |
_c23253 _d23253 |
||